000 00572nam a2200217Ia 4500
003 OSt
005 20220928135635.0
006 a|||||r|||| 00| 0
007 ta
008 220927b |||||||| |||| 00| 0 eng d
024 _a4270
037 _cTextual
040 _aSDCL
_cSDCL
_beng
041 _2eng
_aeng
082 _aO-,1N:g, L4
100 _aThurley Geoffrey
_9492397
245 0 _aIronic harvest
_b English poetry in the twentieth century
260 _c1974
942 _hO-,1N:g, L4
_cTEXL
_2CC
999 _c807968
_d807968